6. Bichiyal - Bad Bunny - Estadísticas

Estadísticas generales
  • Esta prueba ha sido intentada 23 veces
  • La puntuación promedio es 252 de 378
Estadísticas de respuestas
% Correcto
el
94%
es
94%
la
94%
bichiyal
89%
ella
89%
en
89%
le
89%
lo
89%
un
89%
y
89%
a
83%
gusta
83%
se
83%
de
78%
esta
78%
las
78%
los
78%
no
78%
perreo
78%
porque
78%
quiere
78%
si
78%
una
78%
bandolera
72%
casi
72%
cojone
72%
corillo
72%
entera
72%
enteran
72%
montarse
72%
noche
72%
quieren
72%
sin
72%
soltera
72%
te
72%
tiene
72%
chillar
67%
me
67%
yo
67%
afuera
61%
como
61%
con
61%
desde
61%
era
61%
esa
61%
espera
61%
lista
61%
pa
61%
pero
61%
que
61%
su
61%
va
61%
vi
61%
bellaqueo
56%
eh
56%
gato
56%
ha
56%
meto
56%
nota
56%
pasa
56%
pichando
56%
pillar
56%
salio
56%
son
56%
submarino
56%
vino
56%
vo
56%
ya
56%
amarra
50%
anillo
50%
asesina
50%
chingo
50%
die
50%
empezo
50%
envuelvo
50%
estar
50%
fino
50%
guillar
50%
hoy
50%
i
50%
maquillar
50%
mata
50%
ni
50%
puso
50%
resuelvo
50%
sean
50%
soga
50%
suya
50%
todavia
50%
traje
50%
veinte
50%
video
50%
yeh
50%
caco
44%
cama
44%
clandestino
44%
devuelvo
44%
jevo
44%
loca
44%
mami
44%
acera
39%
banshee
39%
brillar
39%
dame
39%
deja
39%
desquicia
39%
eriza
39%
mordia
39%
otra
39%
peleando
39%
piel
39%
ser
39%
tranqui
39%
tranquila
39%
tropa
39%
tu
39%
bien
33%
calle
33%
envicia
33%
it
33%
know
33%
llame
33%
media
33%
oh
33%
sexy
33%
want
33%
you
33%
actitud
28%
bo
28%
captar
28%
coge
28%
like
28%
mala
28%
mood
28%
puedo
28%
sale
28%
setea
28%
asfixia
22%
descifra
22%
im
22%
masteriza
22%
terminar
22%
vira
22%
aquello
11%
yonki
11%
serio
6%
No se encontraron pruebas coincidentes
Distribución de puntuación
Porcentaje de gente con cada puntuación
Porcentaje por número respondido
Historial de tus puntuaciones
No has intentado esta prueba.